[Event "Myrhorod op"]
[Site "Myrhorod"]
[Date "2010.07.11"]
[Round "5"]
[White "Nesterets, Anatoliy"]
[Black "Naboka, Sergey"]
[Result "0-1"]
[WhiteElo "2427"]
[BlackElo "2104"]
[PlyCount "104"]
[EventDate "2010.07.09"]
[EventType "swiss"]
[EventRounds "9"]
[EventCountry "UKR"]
[SourceTitle "CBM 137 Extra"]
[Source "ChessBase"]
[SourceDate "2010.09.01"]
[SourceVersion "1"]
[SourceVersionDate "2010.09.01"]
[SourceQuality "1"]

1. e4 e6 2. d4 d5 3. Nd2 Nf6 4. e5 Nfd7 5. f4 c5 6. c3 Nc6 7. Ndf3 Qb6 8. a3 a5 9. b3 Be7 10. h4 f6 11. Bd3 f5 12. Ne2 Nd8 13. g4 fxg4 14. Ng5 Nf8 15. Qc2 h6 16. Bg6+ Kd7 17. Nf7 Nxg6 18. Qxg6 Nxf7 19. f5 Ra6 20. Qxf7 Rf8 21. Qxg7 exf5 22. Rb1 Qc6 23. Be3 f4 24. 0-0 f3 25. Nf4 Kd8 26. c4 cxd4 27. cxd5 Qe8 28. d6 dxe3 29. dxe7+ Qxe7 30. Rfd1+ Ke8 31. Qxe7+ Kxe7 32. Nd5+ Ke6 33. Nxe3 Kxe5 34. Nc4+ Kf4 35. Rd4+ Kg3 36. Nd6 Kxh4 37. Kf2 Rc6 38. Rh1+ Kg5 39. Kg3 h5 40. Rd5+ Kg6 41. Rdxh5 Kf6 42. Re1 f2 43. Ne4+ Kg7 44. Rf1 Bf5 45. Nxf2 Rc3+ 46. Kh4 Rf3 47. Rg5+ Bg6 48. Rxa5 g3 49. Rb5 R8f4+ 50. Kg5 Rf5+ 51. Rxf5 Bxf5 52. Kh4 gxf2 0-1